| 000 | 00482nmm a2200157Ia 4500 | ||
|---|---|---|---|
| 008 | 251105s9999||||xx |||||||||||||||||und|| | ||
| 020 | _a9789562845229 | ||
| 041 | _aspa | ||
| 100 | _aBarros Lazaeta, Luis | ||
| 245 | 0 |
_aLabor policial e investigación criminal : _b La visión de los detectives |
|
| 264 |
_a[Santiago de Chile, Chile] : _bRil editores, _c2007 |
||
| 300 | _a88 páginas | ||
| 650 | _aLaw | ||
| 856 | _uhttps://public.digitaliapublishing.com/a/29692 | ||
| 942 | _cCF | ||
| 999 |
_c94386 _d94386 |
||